| 000 | 00594nam a2200145 i 4500 | ||
|---|---|---|---|
| 001 | 185146 | ||
| 003 | ES-MaACL | ||
| 005 | 20230906222346.0 | ||
| 008 | 160329s1876 fr |||| | fre d | ||
| 245 | 0 | 0 |
_aCatalogue de livres anciens et modernes en partie relatifs a l'Auvergne composant la bibliothèque de M. H***. _b: dont la vente aura lieu le jeudi 20 avril 1876... par le ministère de Maurice Delestre... |
| 260 |
_aParis : _b[s.n., _c1876?] ( _fTyp. Georges Chamerot) |
||
| 300 |
_a8 p. ; _c23 cm. |
||
| 650 | 0 | 4 |
_aLibros- _vCatálogos de subastas. _914429 |
| 852 |
_aES-MaACL _jT-205-F-18 |
||
| 999 |
_c185146 _d185146 |
||